000 00363 a2200157 4500
001 149445
040 _cEscola São Tomás de Aquino
100 _aCHRISTO, Maria Stella Libanio
240 1 0 _aFogãozinho
_lpor
245 1 0 _aFogãozinho
300 _a62
362 0 _a2002
440 1 _aMercurio Jovem
697 _a*LITERATURA INFANTO JUVENIL
942 _cBK
999 _c149445
_d149445